| 000 | 02067cam a22005174i 4500 | ||
|---|---|---|---|
| 003 | PE-LiUPU | ||
| 005 | 20250731172732.0 | ||
| 008 | 150617s r 000 0 d | ||
| 020 | _a8430108815 | ||
| 035 | _a(Sirsi) i9788430108817 | ||
| 040 |
_aPE-LiUPU _bspa _cPE-LiUPU _erda |
||
| 049 | _aPRUA | ||
| 082 | 0 | 4 |
_a232.91 _bB84 _221 |
| 100 | 1 |
_aBrown, Raymond E., _eautor. |
|
| 245 | 1 | 0 |
_aMaría en el nuevo testamento: Una evaluación conjunta de estudiosos católicos y protestantes / _cRaymond E. Brown. |
| 264 | 1 |
_aSalamanca : _bEdiciones Sígueme, _c1982. |
|
| 300 |
_a299 páginas ; _c21 centímetros. |
||
| 336 |
_atext _2rdacontent |
||
| 337 |
_aunmediated _2rdamedia |
||
| 338 |
_avolume _2rdacarrier |
||
| 490 | 0 |
_aBiblioteca de Estudios Bíblicos ; _v49 |
|
| 504 | _aIncluye bibliografía. | ||
| 505 | 0 | _aOrigen del estudio -- Presupuestos del estudio -- El nacimiento de Jesús en los escritos paulinos -- María en el evangelio de Marcos -- María en el evangelio de Mateo -- María en el evangelio de Lucas y en los Hechos de los apóstoles -- La madre de Jesús en el evangelio de Juan -- La mujer de Apocalipsis 12 -- María en la literatura del siglo II -- Conclusiones de este estudio. | |
| 526 | _aSEG42 | ||
| 526 | _aSEG41 | ||
| 526 | _aSEG40 | ||
| 526 | _aSEG39 | ||
| 526 | _aP94 | ||
| 526 | _aP87 | ||
| 526 | _aP86 | ||
| 526 | _aP85 | ||
| 526 | _aP77 | ||
| 526 | _aP76 | ||
| 526 | _aP35 | ||
| 650 | 0 | 4 | _aVirgen María en la Biblia. |
| 700 | 1 |
_aDonfried, Karl P., _eautor. |
|
| 700 | 1 |
_aFitzmyer, Joseph A., _eautor. |
|
| 700 | 1 |
_aReumann, John, _eautor. |
|
| 910 |
_ajck _bjvq _cjck _d20150616 |
||
| 942 |
_2ddc _cBOOK |
||
| 949 |
_a232.91 B84 _wDEWEY _c1 _i22786 _lCCODEBUL1 _mBUL _r0 _sY _tBOOK _u2015-6-17 _xTEOLOGIA _PP35 _0COMPRA _o.STAFF. Colección General |
||
| 994 |
_aC0 _bPEPRU |
||
| 596 | _a1 | ||
| 999 |
_a232.91 B84 _wDEWEY _c1670 _i22786 _f2021-11-11 _g5 _lCCODEBUL1 _mBUL _r0 _sY _tBOOK _u2015-6-17 _xTEOLOGIA _PP35 _0COMPRA _o.STAFF. Colección General _d1670 |
||
| 980 |
_81 _gALBERTO SANCHEZ Responsable de Automatización |
||